| 000 | 00000nam 2200000zi 4500 |
| 001 | 9.867750 |
| 003 | CaOODSP |
| 005 | 20241203113645 |
| 006 | m o d f |
| 007 | cr nn||||||||| |
| 008 | 190130s1987 onca ob f000 0 eng d |
| 040 | |aCaOODSP|beng|erda|cCaOODSP |
| 041 | |aeng|bfre |
| 043 | |an-cn--- |
| 086 | 1 |aEn13-5/87-23E-PDF |
| 100 | 1 |aKaiser, Klaus L. E., |d1941- |eauthor. |
| 245 | 10|aQSAR of acute toxicity of mono-substituted benzene derivatives to Photobacterium phosphoreum / |cKaiser, Klaus L.E., Virginia S. Palabrica and Juan M. Ribo. |
| 264 | 1|aBurlington, Ontario : |bEnvironmental Contaminants Division, National Water Research Institute, Canada Centre for Inland Waters, |c[1987] |
| 300 | |a1 online resource (32 unnumbered pages) : |billustrations. |
| 336 | |atext|btxt|2rdacontent |
| 337 | |acomputer|bc|2rdamedia |
| 338 | |aonline resource|bcr|2rdacarrier |
| 490 | 1 |aNWRI contribution ; |vno. 87-23 |
| 500 | |aCover title. |
| 500 | |a"Division control no. 145B." |
| 500 | |a"This manuscript has been submitted to book on "QSAR in Environmental Toxicology II". The contents are subject to change and this copy is to provide information prior to publication." |
| 500 | |aDigitized edition from print [produced by Environment and Climate Change Canada]. |
| 504 | |aIncludes bibliographical references. |
| 546 | |aIncludes abstract in French. |
| 693 | 4|aBenzene--Derivatives--Toxicity testing |
| 693 | 4|aPhotobacterium phosphoreum |
| 700 | 1 |aPalabrica, Virginia S., |eauthor. |
| 700 | 1 |aRibo, Juan M., |eauthor. |
| 710 | 1 |aCanada. |bEnvironment Canada. |
| 710 | 2 |aNational Water Research Institute (Canada) |
| 830 | #0|aNWRI contribution ;|vno. 87-23.|w(CaOODSP)9.844121 |
| 856 | 40|qPDF|s1.70 MB|uhttps://publications.gc.ca/collections/collection_2019/eccc/En13-5-87-23-eng.pdf |